MARC
|
|
|
|
| LEADER |
00000nam0a2200000 4500 |
| 001 |
50994 |
| 005 |
20231031034209.0 |
| 035 |
|
|
|a (RuTPU)RU\TPU\book\53384
|
| 090 |
|
|
|a 50994
|
| 100 |
|
|
|a 20030423d1982 km y0rusy50 ca
|
| 101 |
0 |
|
|a rus
|
| 102 |
|
|
|a RU
|
| 105 |
|
|
|a a z 001zy
|
| 200 |
1 |
|
|a Рабочие жидкости и уплотнения гидравлических систем
|f Л. А. Кондаков
|
| 210 |
|
|
|a Москва
|c Машиностроение
|d 1982
|
| 215 |
|
|
|a 217 с.
|c ил.
|
| 320 |
|
|
|a Библиогр.: с. 215-216
|
| 610 |
1 |
|
|a гидравлические системы
|
| 610 |
1 |
|
|a рабочие тела
|
| 610 |
1 |
|
|a уплотнения
|
| 610 |
1 |
|
|a рабочие жидкости
|
| 610 |
1 |
|
|a физические свойства
|
| 610 |
1 |
|
|a химмотологический анализ
|
| 610 |
1 |
|
|a эксплуатация
|
| 610 |
1 |
|
|a хранение
|
| 610 |
1 |
|
|a уплотнительная техника
|
| 610 |
1 |
|
|a герметичность
|
| 675 |
|
|
|a 621.228
|v 3
|
| 700 |
|
1 |
|a Кондаков
|b Л. А.
|g Лев Анатольевич
|
| 801 |
|
1 |
|a RU
|b 63413507
|c 20030423
|g PSBO
|
| 801 |
|
2 |
|a RU
|b 63413507
|c 20160407
|g PSBO
|
| 942 |
|
|
|c BK
|